000 01342nam a22002417a 4500
999 _c59289
_d59289
003 Ge_BSU
005 20251202203811.0
008 221230s2014ge xxu||||| |||| 00| 0 geo d
020 _a9789941164125
041 _ageo
080 _a323.15(479.22)+ 316.4.063.3 ი-14
245 _aიდენტობის ნარატივები საქართველოში:
_bმრავალეთნიკური ქართველი ერის სათავეებთან (1860-1918) /
_cნინო ჩიქოვანი, ირაკლი ჩხაიძე, ივანე წერეთელი [და სხვ.]
264 _aთბილისი,
_c2014.
300 _a400 გვ. ;
_b24,5 სმ.
504 _aბიბლიოგრაფია ტექსტის შენიშვნებში
520 _aრეზიუმე ინგლისურ ენაზე.
653 _aნაციონალური უმცირესობები საქართველოში.
653 _aიდენტობა.
700 _aჩიქოვანი, ნინო
_qავტორი
_916652
700 _aჩხაიძე, ირაკლი
_916613
700 _aწერეთელი, ივანე
_eავტორი
_916653
942 _2udc
_cBK